Piosenki - Sanah - Statystyki

Ogólne statystyki
  • Ten quiz został rozwiązany 2 862 razy
    1 161 od ostatniego zresetowania
  • Średni wynik to 32 z 97
Statystyki odpowiedzi
Rok Piosenka % Poprawnych
Królowa Dram (Final Edition) Szampan
86%
Królowa Dram (Final Edition) Szampan - live for MUZO.FM
86%
sanah śpiewa Poezyje Nic dwa razy (W. Szymborska)
74%
Królowa Dram (Final Edition) Królowa Dram
68%
Irenka (Final Edition) Ale jazz! - na jazzowo
63%
Irenka (Final Edition) Ale Jazz! (Vito Bambino)
63%
UCZTA Eldorado
63%
sanah śpiewa Poezyje Eldorado (E. A. Poe)
63%
Królowa Dram (Final Edition) 2/10
61%
Królowa Dram (Final Edition) Melodia
61%
Irenka (Final Edition) Irenka
57%
Irenka (Final Edition) Kolońska i Szlugi
56%
Irenka (Final Edition) Kolońska i Szlugi (do snu)
56%
UCZTA ostatnia nadzieja
55%
BUJDA (EP) Bujda
54%
Irenka (Final Edition) BUJDA - większa!
54%
UCZTA Szary Świat
52%
Irenka (Final Edition) etc.
48%
Irenka (Final Edition) etc. (na disco)
48%
sanah śpiewa Poezyje Hymn (J. Słowacki)
48%
UCZTA Mamo tyś płakała
48%
BUJDA (EP) Oczy
47%
Irenka (Final Edition) Oczy
47%
Irenka (Final Edition) ten Stan
44%
Irenka (Final Edition) 2:00
41%
Irenka (Final Edition) 2:00 (prod. Arkadiusz)
41%
ja na imię niewidzialna mam (EP) Cząstka
39%
Królowa Dram (Final Edition) Cząstka
39%
Irenka (Final Edition) wars
39%
UCZTA audi
37%
UCZTA Tęsknie sobie
37%
Inne No sory
36%
BUJDA (EP) No sory - to dłuższe
36%
Irenka (Final Edition) No sory - to dłuższe
36%
BUJDA (EP) No sory - wersja alternatywna
36%
Irenka (Final Edition) No sory - wersja alternatywna
36%
UCZTA Sen we śnie
35%
BUJDA (EP) Duszki
34%
Irenka (Final Edition) Duszki
34%
ja na imię niewidzialna mam (EP) Siebie zapytasz
34%
Królowa Dram (Final Edition) Siebie zapytasz
34%
Królowa Dram (Final Edition) Siebie zapytasz - live for Vevo
34%
Królowa Dram (Final Edition) Proszę
33%
Królowa Dram (Final Edition) Aniołom szepnij to
32%
UCZTA Czesława
32%
Irenka (Final Edition) To koniec
32%
Irenka (Final Edition) Warcaby
32%
sanah śpiewa Poezyje Bajka (K. K. Baczyński)
31%
ja na imię niewidzialna mam (EP) Proszę pana
30%
Królowa Dram (Final Edition) Proszę pana
30%
Inne najlepszy dzień w moim życiu
29%
sanah śpiewa Poezyje Warszawa (J. Tuwim)
29%
Irenka (Final Edition) Cześć, jak się masz?
28%
sanah śpiewa Poezyje Kamień (A. Asnyk)
28%
UCZTA oscar
28%
UCZTA Święty Graal
28%
UCZTA Baczyński (pisz do mnie listy)
26%
ja na imię niewidzialna mam (EP) Koronki
26%
Królowa Dram (Final Edition) Koronki
26%
Królowa Dram (Final Edition) Sama
26%
Królowa Dram (Final Edition) Oto cała ja
25%
ja na imię niewidzialna mam (EP) Idź
24%
Królowa Dram (Final Edition) Idź
24%
Irenka (Final Edition) Co ja robię tutaj
23%
ja na imię niewidzialna mam (EP) Solo
23%
Królowa Dram (Final Edition) Solo
23%
Królowa Dram (Final Edition) Invisible dress - live for Vevo
22%
Inne Invisible Dress (Maro Music x Skytech Remix)
22%
Inne Invisible Dress (Maro Music x Skytech Remix) / Short
22%
Irenka (Final Edition) Kapela gra
21%
Królowa Dram (Final Edition) Pora roku zła
21%
BUJDA (EP) Pożal się Boże
21%
Irenka (Final Edition) Pożal się Boże
21%
ja na imię niewidzialna mam (EP) Bez słów
20%
Królowa Dram (Final Edition) Łezki me
20%
Królowa Dram (Final Edition) Koniec
19%
Królowa Dram (Final Edition) projekt nieznajomy nie kłamie
19%
BUJDA (EP) projekt nieznajomy nie kłamie
19%
Królowa Dram (Final Edition) róże - demo w domu
19%
BUJDA (EP) róże - demo w domu
19%
sanah śpiewa Poezyje Do * w sztambuch (A. Mickiewicz)
18%
Irenka (Final Edition) puk puk
17%
Irenka (Final Edition) Interludium
16%
Królowa Dram (Final Edition) Początek
16%
Królowa Dram (Final Edition) To ja, a nie inna
16%
Irenka (Final Edition) To był dobry dzień
15%
Królowa Dram (Final Edition) Piękno tej niechcianej
14%
sanah śpiewa Poezyje Rozwijając Rilkego (J. Cygan)
14%
Irenka (Final Edition) Wszystko mi mówi, że mnie ktoś pokochał
13%
Inne Wilcza zamieć (Wiedźmin 3: Dziki Gon)
12%
Inne Heal Me
10%
Inne Heal Me - LIZOT Edit
10%
Irenka (Final Edition) Kaziu, zakochaj się - live for Radio ZET
10%
Inne Bipping
7%
Inne Rehab
6%
sanah śpiewa Poezyje (I) Da Bóg zasiąść kiedyś w Polsce wolnej (J. Lechoń)
2%
sanah śpiewa Poezyje (II) Da Bóg zasiąść kiedyś w Polsce wolnej (J. Lechoń)
1%
Nie znaleziono quizów pasujących do podanych kryteriów
Rozkład punktacji
Procent ludzi z każdym wynikiem
Percentyl według liczby udzielonych odpowiedzi
Twoja historia wyników
Nie rozwiązałeś tego quizu od ostatniego zresetowania